Statistics for Naruto: Kabuto's Edo Tensei Shinobi (Shinobi War)

Click here to take the quiz!

General Stats

  • This quiz has been taken 845 times
  • The average score is 17 of 37

Answer Stats

HintAnswer% Correct
CloudA (Third Raikage)
83%
LeafItachi Uchiha
82%
StoneDeidara
72%
RainNagato
71%
LeafAsuma Sarutobi
70%
MistZabuza Momochi
70%
SandSasori
69%
MistHaku
67%
LeafMadara Uchiha
67%
WaterfallKakuzu
66%
StoneMu (Second Tsuchikage)
59%
StoneHan
58%
LeafDan Kato
57%
WaterfallFu
57%
SandChiyo
56%
SandRasa (Fourth Kazekage)
52%
MistYagura
46%
RainHanzo of the Salamander
43%
SoundKimimaro
43%
MistUtakata
43%
CloudYugito Nii
42%
MistGengetsu Hozuki (Second Mizukage)
39%
StoneRoshi
39%
CloudGinkaku
38%
CloudKinkaku
37%
MistMangetsu Hozuki
31%
SandPakura
28%
MistRingo Ameyuri
28%
LeafHizashi Hyuga
26%
MistJinin Akebino
23%
MistJinpachi Munashi
22%
MistKushimaru Kuriarare
20%
LeafShin
20%
MistFuguki Suikazan
18%
StoneGari
16%
CloudToroi
11%
MistChukichi
8%

Score Distribution

Percentile by Number Answered

Percent of People with Each Score

Your Score History

You have not taken this quiz